Friends 'Who Said That' Quiz - Statistics

General Stats
  • This quiz has been taken 185 times
  • The average score is 13 of 15
Answer Stats
Quote Answer % Correct
"How YOU Doin'?" Joey
100%
"And I just want a million dollars!" Chandler
99%
"I'm gonna propose to Monica!" Chandler
99%
"I got off the plane!" Rachel
99%
"Noooo!" Rachel
99%
"Unagiii." Ross
99%
"I ____, take thee Rachel." Ross
99%
"My best friend and my sister? My best friend and my sister!" Ross
99%
"Pivot!!" Ross
99%
"I know!" Monica
98%
"Oh...My...God!" Janice
94%
"This is a family place, put the mouse back in it's house." Gunther
85%
"Ohh no." Phoebe
83%
"I know I'm a good guy. I hate that." Richard
61%
"Rachel, ready or not, here comes your knight in shining..." Jack Geller
34%
No matching quizzes found
Score Distribution
Percent of People with Each Score
Percentile by Number Answered
Your Score History
You have not taken this quiz